| 000 | 00508nam a22002057a 4500 | ||
|---|---|---|---|
| 999 |
_c36414 _d36414 |
||
| 003 | OSt | ||
| 005 | 20240419113938.0 | ||
| 008 | 240419b ||||| |||| 00| 0 spa d | ||
| 020 | _a987-1081-78-2 | ||
| 040 | _cBiblioteca Ernesto Sábato | ||
| 092 |
_a401 _bB727 _eJLS |
||
| 100 | _aBordelois, Ivonne | ||
| 245 | _aLa palabra amenazada | ||
| 250 | _a2a. ed. | ||
| 260 |
_aBuenos Aires _bLibros del zorzal _c2005 |
||
| 300 | _a144 p | ||
| 440 | _aMirada atenta | ||
| 650 | _aLENGUAJE | ||
| 942 |
_2ddc _cJLS |
||